[Event "Amber-rapid 20th"]
[Site "Monte Carlo"]
[Date "2011.03.15"]
[Round "4"]
[White "Giri, Anish"]
[Black "Carlsen, Magnus"]
[Result "0-1"]
[WhiteElo "2690"]
[BlackElo "2815"]
[Annotator "Marin,M"]
[PlyCount "140"]
[EventDate "2011.03.12"]
[EventType "tourn (rapid)"]
[EventRounds "11"]
[EventCountry "MNC"]
[EventCategory "21"]
[SourceTitle "CBM 142"]
[Source "ChessBase"]
[SourceDate "2011.05.17"]

1. d4 e6 2. c4 Bb4+ 3. Bd2 Bxd2+ 4. Qxd2 f5 {An unusual way of transposing
from an accelerated Bogo-Indian to a Dutch Defence. Had White captured with
the knight on d2, Black would have had better possibilities of setting up the
Dutch dark-squared plan with ...Nc6 and ...e5, because White would have had no
pressure in the centre at all.} 5. g3 Nf6 6. Bg2 O-O 7. Nf3 d6 8. O-O Qe7 9.
Nc3 c6 $5 {A relatively new plan. Instead of playing on the dark squares,
Black transposes to a Stonewall, which may seem paradoxical given the fact
that the dark-squared bishops have been exchanged. The subtlety justifying
such an approach is that White has developed his queen's knight on a square
far away from Black's main weakness, e5. Of course, he can initiate the
typical manoeuvre e3, Ne2-f4-d3, but this is time consuming, allowing Black
catching up in development. I was surprised to notice how important a single
tempo can be in what looks like a "slow" position. More about it later.} ({
It has long been established that Black's slight delay in development makes
the plan of opening the centre quite risky. Here is a classic example:} 9...
Nc6 10. Rfe1 e5 11. Nd5 Qd8 12. dxe5 dxe5 13. Rad1 e4 14. Ng5 $36 {Botvinnik,
M-Ilyin Zhenevsky,A/Leningrad 1930/EXT 99 (1-0, 39)}) 10. Rfe1 ({Carlsen had
played this line before:} 10. Rad1 d5 11. Qc2 Nbd7 12. Rfe1 ({As proved by the
main game, defending the pawn with} 12. b3 {may allow a later freeing
operation based on ...dxc4, bxc4 ...c5.} b6 13. cxd5 {After b2-b3, which
prevents the actication of the queen with Qa4, this does not look too scary.}
cxd5 14. Qb2 Ba6 {Since the white queen has no access to the a-file the
bishops stands well here. One may ask, why should this bishop be "worse" than
its rival?} 15. Rd2 Rac8 16. Rc1 Rc7 17. Rdc2 Rfc8 18. Nd1 Qd6 $11 {Haik,A 
(2475)-Ivkov,B (2525)/Cannes 1986/MCL (1/2, 41). Black has no problems at all.}
) 12... Ne4 (12... dxc4 $6 {offers White a strong initiative after} 13. e4 f4
14. Ne2 $14 {To be compared with the similar line given in a later note, in
which the queen rook would be on a1 still.}) 13. e3 Nd6 14. c5 Nf7 {Black is
ready to open the centre with ...e5. Although this will leave White with the
control of d4, the kingside initiative should not be neglected.} 15. b4 e5 16.
dxe5 Nfxe5 17. Nd4 Nf6 18. Na4 Kh8 19. Qb3 Bd7 20. a3 Rae8 21. Nb2 g5 22. f4
Ng6 23. Nd3 gxf4 24. exf4 Ne4 25. Nf3 Qf6 26. Nde5 Nxe5 27. Nxe5 Bc8 28. Qe3 h5
$132 {Maiwald,J (2508)-Carlsen,M (2786)/Germany 2008/CBM 127 Extra (0-1, 38).
It is curious that computers give White a clear advantage in this position. I
would be rather worried by Black's attack, without seeing a clear queenside
plan to compensate for it.}) (10. Rae1 d5 11. Ne5 Nbd7 12. f4 {This brutal way
of occupying the e5-square is not too promising.} Ne4 13. Nxe4 dxe4 14. Nxd7
Bxd7 15. c5 Be8 {The position has been stabilised, Black development is
entirely satisfactory and once again one would ask: whose bishop is better?}
16. e3 Bh5 17. h3 Rad8 18. Qf2 g5 {Displaying some ambitions already.} 19. fxg5
Qxg5 (19... e5 $5 20. dxe5 Qxc5 $132) 20. Qf4 Qg7 21. Rf2 Bg6 22. Ref1 Rfe8 23.
Qg5 Qe7 24. Qxe7 Rxe7 25. g4 fxg4 26. hxg4 e5 $132 {Gyimesi,Z (2592)-Glek,I 
(2512)/Germany 2009/CBM 128 Extra (1-0, 39). Black later lost only as a
consequence of an endgame blunder.}) 10... d5 11. e3 {Preparing Ne2-f4-d3.} (
11. Qc2 Ne4 (11... Nbd7 $5) 12. Rab1 (12. e3 Bd7 $6 {This is too slow,
allowing White to regroup in time. He should have chosen Carlsen's plan from
the previous game.} 13. Ne2 Be8 14. Nf4 Nd7 15. Nd3 Ndf6 16. Nfe5 $16 {
Kharitonov,A (2585)-Ovetchkin,R (2475)/Moscow 1998/CBM 063/(Tyomkin,D) (1-0,
44). White is in complete control of the position.}) 12... Nd7 13. b4 $6 {
This attacking move only creates weaknesses.} Nd6 $1 14. cxd5 $6 (14. c5 $5)
14... cxd5 15. Ne5 Kh8 $1 (15... Nxe5 16. dxe5 Nc4 $2 17. Nxd5 $1 $18) 16. f4 (
16. Bxd5 exd5 17. Nxd5 Qd8 18. Nc7 Nb6 19. Nxa8 Nxa8 $132) 16... Nxe5 17. dxe5
Nc4 18. Qd3 Bd7 19. e4 {This not only fails to shake Black's stability, but
also clears an important diagonal for the "bad" bishop.} fxe4 20. Nxe4 Be8 21.
Nc5 Bg6 22. Be4 $8 b6 (22... Nxe5 23. fxe5 dxe4 $15) 23. Bxg6 bxc5 24. Bxh7 g5
$132 {Nikolaidis,K (2308)-Glek,I (2553)/Korinthos 2000/EXT 2001 (0-1, 36)})
11... Nbd7 12. b3 $146 {This kind of queenside tension offers Black additional
ideas for counterplay.} ({Quite possibly, Giri did not like} 12. Qc2 {because
of} dxc4 $5 $146 (12... b6 $6 13. cxd5 $1 {With the d1-a4 diagonal open, this
move is strong.} cxd5 14. Rac1 Bb7 15. Qa4 a6 16. Ne2 Rfc8 17. Nf4 Ne4 18. Nd3
g5 19. Nfe5 Ndf6 20. Qb3 Qd6 21. Red1 g4 22. Nf4 $16 {with complete domination
on dark squares, Krizsany,L (2430)-Hardicsay,P (2395)/Hungary 1996/EXT 2000 
(1-0, 32)}) 13. e4 ({The attempt to retrieve the pawn releases the pressure in
the centre, allowing Black adequate counterplay:} 13. Nd2 Nb6 14. Bf1 e5 15.
Nxc4 Nxc4 16. Bxc4+ Be6 17. Bxe6+ Qxe6 18. dxe5 Qxe5 19. Qb3+ Rf7 20. Rad1 Re8
$11) 13... f4 $5 14. Ne2 (14. gxf4 Nh5 $36) 14... fxg3 15. hxg3 b5 16. b3 {
White has obvious compensation for the pawn, but apparently not more than that.
We have to continue the line for many more moves in order to illustrate one
possible difference if compared to the position with the extra tempo Rad1
mentioned above.} Ba6 17. bxc4 bxc4 18. Nf4 e5 19. dxe5 Nxe5 20. Nxe5 Qxe5 21.
Bf1 Kh8 22. Bxc4 Bxc4 23. Qxc4 {White has retrieved the pawn and has the more
compact structure. Black should hurry with his counterplay.} Ng4 $1 24. Qxc6
Nxf2 $1 25. Kxf2 {In the aforementioned line, White would win with 25.Rd5!,
which is not available now.} g5 26. Qd5 Qg7 $13) (12. Qe2 Ne4 {leaves White
without the possibility of continuing his knight maneouvre.}) 12... b6 13. Ne2
Bb7 14. Nf4 {White has completed his regrouping, but Black has a harmonious
dveelopment and can open play to his favour.} dxc4 $5 (14... Ne4 15. Qb2 c5
$132 {is another possible continuation.}) 15. bxc4 c5 $132 16. Ng5 $6 {This
over-optimistic move hands over the initiative.} Bxg2 17. Kxg2 e5 18. Nfe6 (18.
dxe5 Nxe5 $15 {[%cal Ge7b7]}) 18... Ne4 $1 19. Nxe4 Qxe6 20. Ng5 $6 {Losing a
pawn without compensation.} (20. d5 Qh6 21. Nc3 e4 $15 {The weakness of the
f3-square is more important than that of the e6-square for two main reasons.
First, a knight on f3 would be closer to the king. Secondly, the e6-knight can
be removed with an exchange sacrifice.} 22. Ne2 Ne5 23. Qc3 Rae8 24. Nf4 g5 25.
Ne6 Rxe6 26. dxe6 Qxe6 {The c4-pawn is in danger and the kingside attack
remains a permanent danger.}) 20... Qxc4 21. dxc5 (21. dxe5 Nxe5 22. Rac1 Rad8
$1 $19) 21... Nxc5 22. Rec1 Qd3 $17 {Black has parried any infiltration of
White's pieces and converting the pawn remains a matter of technique.} 23. Qxd3
Nxd3 24. Rc7 h6 25. Nf3 Rf7 26. Rc3 Rd7 27. a4 Rad8 28. Rb1 Rd5 29. Rc7 R8d7
30. Rxd7 Rxd7 31. Rb5 Rd6 32. a5 e4 33. Nd4 g6 34. Rb1 Kf7 35. h3 Ke7 36. Nb5
Rd5 37. axb6 axb6 38. Nd4 Rd6 39. Nb5 Rf6 40. f3 exf3+ 41. Kxf3 Ne5+ 42. Ke2
Nd7 43. Nd4 Rd6 44. g4 fxg4 45. hxg4 Ne5 46. Nb5 Rf6 47. Rb4 Rf2+ 48. Kxf2 Nd3+
49. Kf3 Nxb4 50. Kf4 Kf6 51. Nc3 Nd3+ 52. Ke4 Nc5+ 53. Kf4 g5+ 54. Kf3 Ke5 55.
Nb5 Ne4 56. Na7 Nd2+ 57. Ke2 Nc4 58. Nc6+ Ke4 59. Ne7 Nxe3 60. Nc8 Nxg4 61.
Nxb6 Ne5 62. Kf2 h5 63. Kg3 h4+ 64. Kh3 Kf3 65. Nc8 Nd3 66. Nd6 Nf4+ 67. Kh2 g4
68. Nf5 g3+ 69. Kh1 g2+ 70. Kh2 Kf2 0-1

[Event "Amber-blindfold 20th"]
[Site "Monte Carlo"]
[Date "2011.03.15"]
[Round "4"]
[White "Carlsen, Magnus"]
[Black "Giri, Anish"]
[Result "1/2-1/2"]
[WhiteElo "2815"]
[BlackElo "2690"]
[PlyCount "81"]
[EventDate "2011.03.12"]
[EventType "tourn (rapid)"]
[EventRounds "11"]
[EventCountry "MNC"]
[EventCategory "21"]
[SourceTitle "CBM 142"]
[Source "ChessBase"]
[SourceDate "2011.05.17"]

1. d4 Nf6 2. c4 g6 3. Nf3 Bg7 4. g3 d5 5. cxd5 Nxd5 6. Bg2 Nb6 7. Nc3 Nc6 8. e3
O-O 9. O-O Re8 10. b3 e5 11. Nxe5 Nxe5 12. dxe5 Qxd1 13. Rxd1 Bxe5 14. Bb2 c6
15. Rd2 Bf5 16. Rad1 Bf6 17. h3 h5 18. Kh2 Be5 19. Kg1 Bf6 20. Bf1 Kf8 21. Kg2
Rad8 22. Ba3+ Kg8 23. Rxd8 Rxd8 24. Rxd8+ Bxd8 25. e4 Be6 26. Ne2 Nc8 27. Nf4
Bd7 28. Nd3 Be7 29. Bc5 Kf8 30. f4 b6 31. Be3 Nd6 32. Ne5 Be8 33. Bd3 c5 34.
Kf3 f6 35. Nc4 Bc6 36. Nxd6 Bxd6 37. Bd2 b5 38. Bc3 Kf7 39. Ke3 a6 40. Be2 Bd7
41. h4 1/2-1/2

[Event "Amber-rapid 20th"]
[Site "Monte Carlo"]
[Date "2011.03.14"]
[Round "3"]
[White "Carlsen, Magnus"]
[Black "Aronian, Levon"]
[Result "1/2-1/2"]
[WhiteElo "2815"]
[BlackElo "2808"]
[Annotator "Krasenkow,M"]
[PlyCount "87"]
[EventDate "2011.03.12"]
[EventType "tourn (rapid)"]
[EventRounds "11"]
[EventCountry "MNC"]
[EventCategory "21"]
[SourceTitle "CBM 142"]
[Source "ChessBase"]
[SourceDate "2011.05.17"]

1. c4 g6 2. d4 Nf6 3. Nf3 Bg7 4. g3 O-O 5. Bg2 c6 6. O-O d5 7. Qa4 {A rare
move, which Black meets with a novelty.} a6 $146 {[%cal Yb7b5] Very logical.} (
7... Nbd7 8. cxd5 Nb6 9. Qa3 cxd5 10. Nc3 Bf5 $1 (10... Nc4 11. Qb4 e6 12. Bf4
Re8 13. Ne5 Bf8 14. Qb3 $14 {1-0 Portisch,L (2645)-Ivkov,B (2535)/Petropolis
1973/IZT (37)}) 11. b3 Ne4 12. Nd1 a5 13. Bf4 Nc8 14. Rc1 Ncd6 $11 {0-1 Oll,L 
(2615)-Norwood,D (2545)/London 1994/EXT 2000 (42)}) (7... Nfd7 $5 8. Qc2 $1 (8.
Na3 Nb6 9. Qc2 Bf5 10. Qc3 Be4 11. c5 N6d7 12. Bf4 b6 $15 {0-1 Grigorian,K 
(2485)-Sveshnikov,E/Moscow 1973/URS-ch (27)}) (8. cxd5 cxd5 9. Nc3 Nb6 10. Qd1
Nc6 11. Bf4 Bf5 $11 {1/2 Pigusov,E (2520)-Huzman,A (2500)/Sverdlovsk 1987/TD 
(17)}) 8... Nb6 (8... dxc4 $5 9. Qxc4 e5) 9. c5 N6d7 10. Bf4 Re8 11. Nbd2 e5
12. dxe5 Nxe5 13. Nxe5 Bxe5 14. Bxe5 Rxe5 15. e4 dxe4 16. Qc3 Qe7 17. Nxe4 $14
{1/2 Sargissian,G (2673)-Volokitin,A (2678)/Germany 2008/CBM 123 (27)}) (7...
Bf5 $5 8. Nc3 Nbd7 9. cxd5 Nb6 10. Qb3 Nfxd5 11. Rd1 Qd6 12. Bd2 Nxc3 13. Bxc3
Qe6 14. d5 cxd5 15. Bxg7 Kxg7 16. Nd4 Qf6 17. Nxf5+ Qxf5 18. a4 Rfd8 19. a5 Nc4
20. Qxb7 e6 $11 {1/2 Carlsen,M (2690)-Svidler,P (2728)/Morelia/Linares 2007/
CBM 117/(Marin,M) (29)}) 8. Bf4 (8. c5 $5 {is principled, e.g.} b6 9. cxb6 Qxb6
10. Qa3 $5 {[%cal Yb1c3,Yc3a4]}) 8... Be6 (8... b5 $5) 9. cxd5 {Harmless.} (9.
c5 $5) 9... cxd5 $6 {This doesn't fit in with 8...Be6.} (9... Nxd5 $142 $1 $11
10. Bd2 $140 c5 $1) 10. Qb3 Ra7 11. Ne5 (11. Nc3 Nc6 12. Rac1 Na5 13. Qb4 Nc6
14. Qa3 $140 Ne4 15. Rfd1 Qb6 $132) 11... Ne4 $6 (11... Nfd7 12. Nxd7 Qxd7 13.
e3 $14 {[%cal Yb1c3]}) (11... Nh5 $5 12. Bd2 Bxe5 $1 {Korchnoi's idea, typical
for this kind of position.} (12... Nc6 $5 13. Nxc6 bxc6 14. e3 Nf6) 13. dxe5
Nc6 14. Bh6 d4 15. Qa3 Ng7 $132 {[%cal Ye6d5]}) 12. Rd1 Nd7 13. Nc3 {[%csl Rd5]
} Nxc3 14. Qxc3 (14. bxc3 $5 Nf6 15. a4 $14 {[%csl Ra7,Rb7][%cal Gb1b7]}) 14...
Ra8 (14... Nxe5 15. dxe5 b5 16. Qd4 Rd7 17. Rdc1 $16) 15. Qb3 $16 a5 {A
desperate attempt to break away.} (15... Nb6 16. Rac1 $16 {[%csl Rb6]}) 16.
Bxd5 a4 17. Qxb7 Rb8 18. Nxf7 $6 {There was no need to go for a position with
a material imbalancel. White could have kept his material advantage by means of
} (18. Qc6 Bxd5 (18... Rb6 19. Bxe6 $1 Rxc6 20. Nxc6 Qe8 21. Bc4 $16 e5 $140
22. Bg5 $1) (18... Nxe5 19. dxe5 Rb6 20. Qc4 $16) 19. Qxd5 Nxe5 20. Qxd8 Rfxd8
21. dxe5 $16) 18... Rxb7 19. Nxd8 Bxd5 20. Nxb7 Bxb7 21. Rac1 (21. Rdc1 $5 Bd5
22. Rc7 Rd8 23. e3) 21... Bd5 22. Rc7 Rd8 23. a3 Kf7 24. Rd2 Nf6 25. f3 Bb3 26.
Be5 $2 {This blunder lets White's advantage slip but it was very difficult to
convert it after, say,} (26. Rc5 Nd5 27. Be5 Bh6 28. Rd3) 26... Ne8 $1 27. Rc5
Bxe5 28. Rxe5 Nd6 29. Rc5 Nc4 30. Rd3 Nxb2 31. Re3 Rxd4 32. Rc7 Be6 {Black is
materially better now but White's counterplay should be enough for him to hold
his ground.} 33. Ra7 (33. Rc6 $5 Bd7 34. Rc7) 33... g5 (33... Nd1 $5 34. Re5
Nc3 $15) 34. Rc3 Rc4 35. Re3 Rc2 36. Re4 Rc3 37. h4 h6 38. hxg5 hxg5 39. Ra6
Ba2 40. Ra7 Be6 41. Ra6 Bc4 42. Rc6 Rxa3 43. Rcxc4 Nxc4 44. Rxc4 1/2-1/2

[Event "Amber-blindfold 20th"]
[Site "Monte Carlo"]
[Date "2011.03.14"]
[Round "3"]
[White "Aronian, Levon"]
[Black "Carlsen, Magnus"]
[Result "1/2-1/2"]
[WhiteElo "2808"]
[BlackElo "2815"]
[PlyCount "73"]
[EventDate "2011.03.12"]
[EventType "tourn (rapid)"]
[EventRounds "11"]
[EventCountry "MNC"]
[EventCategory "21"]
[SourceTitle "CBM 142"]
[Source "ChessBase"]
[SourceDate "2011.05.17"]

1. d4 Nf6 2. c4 e6 3. Nf3 b6 4. g3 Ba6 5. b3 Bb7 6. Bg2 Bb4+ 7. Bd2 c5 8. O-O
O-O 9. Bc3 Na6 10. Bb2 cxd4 11. Nxd4 Bxg2 12. Kxg2 Qc7 13. Nf3 Be7 14. Nc3 Nc5
15. Qd4 Qb7 16. Rfd1 Rfd8 17. Rac1 Rac8 18. Kg1 d6 19. Qe3 a6 20. Nd4 Bf8 21.
Qf3 Qxf3 22. Nxf3 Rb8 23. Nd4 Rdc8 24. f3 g6 25. Kf2 Bh6 26. e3 Bg7 27. Ke2 Kf8
28. Rd2 Ne8 29. Rcd1 Be5 30. g4 Rb7 31. g5 Bg7 32. Ba3 Kg8 33. h4 h5 34. Rc1
Rbc7 35. Rcd1 Rb7 36. Rc1 Rbc7 37. Rcd1 1/2-1/2

[Event "Amber-blindfold 20th"]
[Site "Monte Carlo"]
[Date "2011.03.13"]
[Round "2"]
[White "Carlsen, Magnus"]
[Black "Gashimov, Vugar"]
[Result "1-0"]
[WhiteElo "2815"]
[BlackElo "2746"]
[PlyCount "169"]
[EventDate "2011.03.12"]
[EventType "tourn (rapid)"]
[EventRounds "11"]
[EventCountry "MNC"]
[EventCategory "21"]
[SourceTitle "CBM 142"]
[Source "ChessBase"]
[SourceDate "2011.05.17"]

1. Nf3 Nf6 2. c4 c6 3. d4 d5 4. e3 g6 5. Nbd2 Bg7 6. Bd3 O-O 7. O-O Na6 8. Qe2
Nc7 9. b3 c5 10. Bb2 cxd4 11. Bxd4 Ne6 12. Bb2 Nc5 13. Bc2 b6 14. Rfd1 Ba6 15.
b4 Ncd7 16. Bd3 Bb7 17. Rac1 Rc8 18. Nb3 e6 19. c5 bxc5 20. bxc5 Nb8 21. Nfd4
Nc6 22. Nxc6 Bxc6 23. Ba6 Ra8 24. Be5 Ne4 25. Bxg7 Kxg7 26. f3 Nf6 27. Nd4 Qc7
28. Bb5 Bxb5 29. Nxb5 Qe7 30. e4 Rfd8 31. Nd6 Ne8 32. Nxe8+ Qxe8 33. exd5 Rxd5
34. Rxd5 exd5 35. Qxe8 Rxe8 36. c6 Kf6 37. c7 Rc8 38. Kf2 Ke5 39. Ke3 Kd6 40.
Kd4 Rxc7 41. Rxc7 Kxc7 42. Kxd5 Kb6 43. Ke5 Kb5 44. Kf6 Kb4 45. f4 Ka3 46. Kxf7
Kxa2 47. g4 a5 48. f5 gxf5 49. gxf5 a4 50. f6 a3 51. Kg8 Kb3 52. f7 a2 53. f8=Q
a1=Q 54. Qf3+ Kc4 55. Qf4+ Kd5 56. Kxh7 Qa7+ 57. Kg6 Qa6+ 58. Qf6 Qe2 59. h4
Kc5 60. h5 Qe8+ 61. Kh6 Kd5 62. Kg5 Qg8+ 63. Kf4 Qb8+ 64. Kg4 Qb4+ 65. Kg5 Qd2+
66. Kg6 Kc4 67. h6 Qg2+ 68. Kf7 Qb7+ 69. Kg8 Qb8+ 70. Qf8 Qg3+ 71. Kh8 Qe5+ 72.
Qg7 Qe4 73. h7 Kd3 74. Qd7+ Ke2 75. Kg8 Qg6+ 76. Kf8 Qh6+ 77. Qg7 Qf4+ 78. Qf7
Qh6+ 79. Ke7 Qh4+ 80. Ke8 Qa4+ 81. Kf8 Qd4 82. Qh5+ Kf2 83. h8=Q Qd6+ 84. Kf7
Qd7+ 85. Kg6 1-0

[Event "Amber-blindfold 20th"]
[Site "Monte Carlo"]
[Date "2011.03.12"]
[Round "1"]
[White "Nakamura, Hikaru"]
[Black "Carlsen, Magnus"]
[Result "1/2-1/2"]
[WhiteElo "2774"]
[BlackElo "2815"]
[PlyCount "119"]
[EventDate "2011.03.12"]
[EventType "tourn (rapid)"]
[EventRounds "11"]
[EventCountry "MNC"]
[EventCategory "21"]
[SourceTitle "CBM 142"]
[Source "ChessBase"]
[SourceDate "2011.05.17"]

1. d4 Nf6 2. c4 e6 3. Nc3 Bb4 4. e3 O-O 5. Bd3 c5 6. Nge2 d5 7. cxd5 cxd4 8.
exd4 Nxd5 9. O-O Nc6 10. Bc2 Nf6 11. Bg5 Be7 12. a3 Qa5 13. Qd2 h6 14. Bh4 Rd8
15. Rfd1 Bd7 16. b4 Qh5 17. Bxf6 Bxf6 18. Ne4 Be7 19. Nf4 Qb5 20. d5 Ne5 21.
Bb3 Rac8 22. Qe1 Qb6 23. dxe6 Bxe6 24. Nxe6 fxe6 25. Ng5 Bxg5 26. Qxe5 Kh8 27.
Rxd8+ Rxd8 28. Rf1 a5 29. Qe4 axb4 30. Bc2 Kg8 31. axb4 Bf6 32. Bb3 Rd4 33. Qg6
Kf8 34. b5 Rd6 35. Qh5 Rd3 36. Bc4 Rd4 37. Qe2 Qc5 38. Bxe6 Qe5 39. Qxe5 Bxe5
40. g3 Rb4 41. Rd1 Rxb5 42. Rd7 Rb6 43. Bf5 Ke8 44. Rc7 Kd8 45. Rd7+ Ke8 46.
Rc7 Kd8 47. Rf7 Ke8 48. Bg6 Kd8 49. Be4 Ke8 50. Rxb7 Rxb7 51. Bxb7 Kf8 52. Kg2
g5 53. Kf3 Kg7 54. Kg4 Bc7 55. h4 Bb6 56. f3 Bf2 57. hxg5 hxg5 58. Kxg5 Bxg3
59. f4 Bxf4+ 60. Kxf4 1/2-1/2